| 000 | 00829nam a22001935i 4500 | ||
|---|---|---|---|
| 001 | 48642 | ||
| 003 | ES-MaACL | ||
| 005 | 20230906161805.0 | ||
| 007 | t| | ||
| 008 | 950726s1868 sp |||| | spa d | ||
| 100 | 1 |
_aDíaz Benito y Angulo, José. _944183 |
|
| 245 | 1 | 0 |
_aMemoria expositiva de los servicios que el cuerpo facultativo de beneficencia municipal de Madrid ha prestado durante el bienio de 1865 y 1866 / _cpresentada a la Excma Junta Municipal de Beneficencia por el vocal de la misma José Diaz Benito. |
| 260 |
_aMadrid : _b[s.n.], _c1868 ( _fOficina tipográfica de los Asilos de San Bernardino) |
||
| 300 |
_a20 p., [21] h. pleg. ; _c25 cm. |
||
| 650 | 4 |
_aBeneficencia- _zMadrid. _9150492 |
|
| 710 | 2 |
_aMadrid. _bJunta Municipal de Beneficencia. _9201398 |
|
| 852 |
_aES-MaACL _jT-382-F-18 |
||
| 999 |
_c48642 _d48642 |
||